LEADER 02892nam a2200517 u 4500 001 000000016736 003 CaOOAMICUS 005 20070226110027.0 008 941117s1988 it u000 u ita u 035 $a10391138 040 $aPUL(R)$bita$dEFR 041 1 $aita$alat 100 0 $aAmbrosius,$cs., vesc. di Milano,$dc. 340-397.$0(OLS)http://pul/name/983 240 10$aEpistulae$9(Ambrosius, s., vesc. di Milano, c. 340-397).$lItaliano e latino.$1Gruppi, scelte.$0(OLS)http://pul/title/23907 245 10$aDiscorsi e lettere.$nII/I-III,$pLettere /$cSant'Ambrogio ; introduzione, traduzione, note e indici di Gabriele Banterle. 246 30$aLettere 246 38$aOpera omnia di sant'Ambrogio 260 $aMilano :$bBiblioteca Ambrosiana ;$aRoma :$bCittà Nuova,$c1988. 300 $a3 v. ;$c24 cm 490 1 $aTutte le opere di sant'Ambrogio 490 1 $aSancti Ambrosii episcopi mediolanensis opera ;$v19-21 500 $aComprende indici. 500 $aTesto latino con traduzione italiana a fronte. 504 $a"Bibliografia essenziale": p. 15-16 (v. 1); p. 15-16 (v. 2); p. 23-24 (v. 3). 505 0 $av. 1. Lettere, 1-35. -- v. 2. Lettere, 36-69 -- v. 3. Lettere, 70-77. 650 4$aChiesa$xStoria$yChiesa primitiva, ca. 30-600.$0(OLS)http://pul/subject/93 700 1 $aFaller, Otto,$cS.I.,$d1889-$0(OLS)http://pul/name/5622 700 1 $aBanterle, Gabriele.$0(OLS)http://pul/name/3254 800 0 $aAmbrosius,$cs., vesc. di Milano,$dc. 340-397.$tOpere$9(Ambrosius, s., vesc. di Milano, c. 340-397)$lItaliano e latino ;$v19-21.$0(OLS)http://pul/nameTitle/12$0(OLS)http://pul/name/2126$0(OLS)http://pul/title/2924 830 0$aSancti Ambrosii episcopi mediolanensis opera ;$v19-21.$0(OLS)http://pul/title/2922 830 0$aTutte le opere di sant'Ambrogio.$0(OLS)http://pul/title/2923 850 $aPUL 852 $aPUL$W1$xSL Religione 1$y3$m21 L 19-21$j23559$nBK-PRI$b $qStampati$B23559$CPULBib$Z2$F23559 $H $81 852 $aPUL$W1$xSL Religione 1$y3$m21 L 19-21$j23559$nBK-PRI$b $qStampati$B23560$CPULBib$Z2$F23560 $H $81 852 $aPUL$W1$xSL Religione 1$y3$m21 L 19-21$j23559$nBK-PRI$b $qStampati$B23561$CPULBib$Z2$F23561 $H $81 900 $aAmbrogio,$cs., vescovo di Milano$dc. 340-397$9983 900 $aAmbrosius,$cMediolanensis,$dc. 340-397$9983 941 1 $a8 961 $aINV: 60244 961 $aINV: 60244 961 $aINV: 60244 996 $6245$aDiscorsi e lettere.$nII/I-III,$pLettere$9(OLS)http://pul/title/23908 996 $6246$aLettere$9(OLS)http://pul/title/23909 996 $6246$aOpera omnia di sant'Ambrogio$9(OLS)http://pul/title/2921 996 $6260$aMilano :$bBiblioteca Ambrosiana$9(OLS)http://pul/publisher/49058 996 $6260$aRoma :$bCittà Nuova$9(OLS)http://pul/publisher/47927 LEADER 01349nam a2200301 a 4500 001 000000125991 003 CaOOAMICUS 005 20110713123601.0 008 110713s2011 it u000 u ita r 020 $a978-88-598-0700-1 040 $aPUL$bita 082 04$a346.4502 245 02$aL'atto pubblico informatico :$bcommentario ai d. lgs. 110/2010 e 235/2010 /$cF. Delfini ... [et al.]. 260 $aTorino :$bUTET Giuridica,$c©2011. 300 $aXXXVII, 409 ;$c24 cm. 490 1 $aAtti e contratti nel diritto civile e commerciale 500 $aInclude appendice normativa. 650 4$aAtti amministrativi.$0(OLS)http://pul/subject/1997 700 1 $aDelfini, Francesco.$0(OLS)http://pul/name/75878 830 0$aAtti e contratti nel diritto civile e commerciale.$0(OLS)http://pul/title/134047 850 $aPUL 852 $aPUL$W1$xSL Diritto e Scienze Sociali 3$y79$m346. 4502 DELFR 1$j145174$qDDC 21$B144172$CPULBib$Z2$F144172 $H117705 $82 941 1 $a9 996 $6020$a978-88-598-0700-1$9(OLS)http://pul/number/147747 996 $6082$a346.4502$9(OLS)http://pul/classification/1796 996 $6245$aL'atto pubblico informatico :$bcommentario ai d. lgs. 110/2010 e 235/2010$9(OLS)http://pul/title/159041 996 $6260$aTorino :$bUTET Giuridica$9(OLS)http://pul/publisher/79191 LEADER 01553nam a2200289 a 4500 001 000000173782 003 CaOOAMICUS 005 20200827145517.0 008 200826s2019 it rm 000 0 ita r 032 $aLibriCat 040 $aPUL$bita 100 1 $aMajuri, Vincenzo Massimo.$0(OLS)http://pul/name/111610 245 13$a"O philos eteros autos" :$bIl superamento della concezione aristotelica di "amicizia" nella prospettiva tomista dell'"amor amicitiae" /$cVincenzo Massimo Majuri. 260 $aRoma :$bPontificia Università Lateranense,$c2020. 300 $a92 p.;$c24 cm 502 $aEstratto da Tesi -- Pontificia Universitas Lateranensis. Facultas Philosophiae. 2019. 504 $aBibliografia: p.[79]-92. 600 04$aThomas Aquinas,$cs.,$dc. 1225-1274$xConcezione dell'amicizia.$0(OLS)http://pul/subject/46281 600 04$aAristoteles,$d384-322 a.C.$xConcezione dell'amicizia.$0(OLS)http://pul/subject/46280 650 04$aAmicizia (Teologia).$0(OLS)http://pul/subject/40883 710 2 $aPontificia Università Lateranense$bFacoltà di filosofia$kTesi.$0(OLS)http://pul/name/81773 850 $aPUL 852 $aPUL$W1$xDP1 Tesi Pon Univ. Lateranense$y41$m2020 A 6$j197750$qTesi$B202572$CPULBib$Z2$F202572 $82 941 1 $a16 996 $6245$a"O philos eteros autos" :$bIl superamento della concezione aristotelica di "amicizia" nella prospettiva tomista dell'"amor amicitiae"$9(OLS)http://pul/title/214976 996 $6260$aRoma :$bPontificia Università Lateranense$9(OLS)http://pul/publisher/47963